Mario MCQ #1 - Statistics

General Stats
  • This quiz has been taken 9 times
  • The average score is 7 of 15
Answer Stats
Question Answer % Correct
How many levels are there in Super Mario Bros. ? 32
100%
How many Power Stars are there in Super Mario 64 ? 120
50%
What is the name of the Chinese-inspired world in Super Mario Land ? Chai Kingdom
50%
Which of these Super Mario Odyssey Regional coins do not exist ? Flower-shaped
50%
What spell did Bowser cast upon the Mushroom Kingdom in Super Mario Bros. ? He turned the population into brick blocks.
50%
which one of these species lives in the Beanbean Kingdom ? Hoohooligan
50%
What is the name of the island on which Super Mario Sunshine takes place ? Isle Delfino
50%
What enemy is a Koopa who rides a cloud and throw Spiny eggs at Mario ? Lakitu
50%
What is the fifth installment in the Paper Mario franchise ? Paper Mario: Color Splash
50%
Which one of these Mario RPGs does not have Bowser (or an alternate form of him) as the final boss ? Paper Mario: The Origami King
50%
Which one has not appeared in a Mario video game ? Ptolemy
50%
What is the difference between red and green Koopa Troopas in most Mario 2D platformers ? red Koopas do not fall off ledges while walking.
50%
Which one of these characteristics of the Boos is false ? There exist a green variety that is faster than the others.
50%
In Super Mario World, what ability do blue Yoshis obtain while holding a Koopa shell in their mouth ? They can fly.
0%
In Super Mario Galaxy, what is the color of Daredevil Comets ? White
0%
No matching quizzes found
Score Distribution
Percent of People with Each Score
Percentile by Number Answered
Your Score History
You have not taken this quiz